[Event "Belgrade-chT"]
[Site "Belgrade"]
[Date "2017.05.11"]
[Round "2.3"]
[White "Bojanic, Denis"]
[Black "Radojevic, Sasa Z"]
[Result "1/2-1/2"]
[WhiteElo "2028"]
[BlackElo "2010"]
[PlyCount "72"]
[EventDate "2017.05.10"]
[EventType "team-swiss"]
[EventRounds "5"]
[EventCountry "SRB"]
[SourceTitle "CBM 178 Extra"]
[Source "ChessBase"]
[SourceDate "2017.06.22"]
[SourceVersion "1"]
[SourceVersionDate "2017.06.22"]
[SourceQuality "1"]
[WhiteTeam "Vidikovac"]
[BlackTeam "Lasta"]
[WhiteTeamCountry "SRB"]
[BlackTeamCountry "SRB"]

1. e4 c5 2. c3 d6 3. d4 Nf6 4. Bd3 Nc6 5. Nf3 e6 6. 0-0 Be7 7. Re1 0-0 8. Nbd2 a6 9. a4 Qc7 10. Nc4 e5 11. d5 Na5 12. Bd2 Nxc4 13. Bxc4 Bg4 14. Re3 Ne8 15. h3 Bh5 16. g4 Bg6 17. Re1 Qd7 18. Nh2 Nc7 19. a5 Ne8 20. Nf1 Bh4 21. Re2 Nf6 22. f3 Qc7 23. Rg2 h6 24. Ne3 Nh7 25. Kh2 Bg5 26. Bd3 Bf4+ 27. Kh1 Qd8 28. Nf1 Qg5 29. Ra3 Rac8 30. c4 Qf6 31. Rb3 Rc7 32. Rb6 Ng5 33. Bxf4 Qxf4 34. Rg3 Nxe4 35. Bxe4 Bxe4 36. fxe4 Qxe4+ 1/2-1/2

[Event "Belgrade-chT"]
[Site "Belgrade"]
[Date "2016.10.22"]
[Round "13.4"]
[White "Martic, Ivan"]
[Black "Radojevic, Sasa Z"]
[Result "1-0"]
[WhiteElo "2362"]
[BlackElo "2031"]
[PlyCount "43"]
[EventDate "2016.10.08"]
[EventType "team-tourn"]
[EventRounds "13"]
[EventCountry "SRB"]
[SourceTitle "CBM 175 Extra"]
[Source "ChessBase"]
[SourceDate "2016.12.12"]
[SourceVersion "1"]
[SourceVersionDate "2016.12.12"]
[SourceQuality "1"]
[WhiteTeam "Belgrade"]
[BlackTeam "Lasta"]
[WhiteTeamCountry "SRB"]
[BlackTeamCountry "SRB"]

1. e4 c5 2. Nf3 d6 3. d4 cxd4 4. Nxd4 a6 5. Nc3 Nf6 6. Bg5 e6 7. f4 Qc7 8. Bxf6 gxf6 9. Qd2 Nc6 10. Nb3 b5 11. 0-0-0 Bb7 12. Kb1 Rc8 13. Bd3 Be7 14. f5 h5 15. fxe6 fxe6 16. Ne2 Rd8 17. Nf4 Bc8 18. Be2 Rh7 19. Bxh5+ Kf8 20. Bg4 Kf7 21. Bxe6+ Bxe6 22. Nxe6 1-0

[Event "Belgrade-chT"]
[Site "Belgrade"]
[Date "2016.10.11"]
[Round "4.6"]
[White "Galiot, Goran"]
[Black "Radojevic, Sasa Z"]
[Result "1-0"]
[WhiteElo "2310"]
[BlackElo "2031"]
[PlyCount "75"]
[EventDate "2016.10.08"]
[EventType "team-tourn"]
[EventRounds "13"]
[EventCountry "SRB"]
[SourceTitle "EXT 2017"]
[Source "ChessBase"]
[SourceDate "2016.10.25"]
[SourceVersion "1"]
[SourceVersionDate "2016.10.25"]
[SourceQuality "1"]
[WhiteTeam "Grocka"]
[BlackTeam "Lasta"]
[WhiteTeamCountry "SRB"]
[BlackTeamCountry "SRB"]

1. d4 Nf6 2. c4 e6 3. Nc3 Bb4 4. f3 d5 5. a3 Bxc3+ 6. bxc3 b6 7. cxd5 exd5 8. e3 Bf5 9. Ne2 0-0 10. Ng3 Bg6 11. Be2 Re8 12. 0-0 c5 13. Bb5 Nbd7 14. dxc5 Re6 15. cxb6 Nxb6 16. Be2 h5 17. f4 Be4 18. Nxh5 Rc8 19. Ng3 Rxc3 20. Bb2 Rc8 21. Qd4 Qe8 22. Rac1 Rec6 23. Rxc6 Qxc6 24. Nxe4 dxe4 25. Rc1 Qe6 26. Rxc8+ Qxc8 27. g4 Qc2 28. Bd1 Qc6 29. g5 Ne8 30. Be2 Na4 31. Ba1 Nb6 32. h4 Qc1+ 33. Kg2 Qxa3 34. Bb5 Qa2+ 35. Bb2 Kf8 36. Qe5 Nc7 37. Qxg7+ Ke7 38. Qf6+ 1-0

[Event "Belgrade Cup 16th"]
[Site "Belgrade"]
[Date "2016.05.11"]
[Round "3.3"]
[White "Radojevic, Sasa Z"]
[Black "Milijanovic, Goran"]
[Result "1-0"]
[WhiteElo "1992"]
[BlackElo "2099"]
[PlyCount "75"]
[EventDate "2016.05.09"]
[EventType "team-swiss"]
[EventRounds "5"]
[EventCountry "SRB"]
[SourceTitle "CBM 172 Extra"]
[Source "ChessBase"]
[SourceDate "2016.06.21"]
[SourceVersion "1"]
[SourceVersionDate "2016.06.21"]
[SourceQuality "1"]
[WhiteTeam "Lasta"]
[BlackTeam "Vreoci Turbina"]
[WhiteTeamCountry "SRB"]
[BlackTeamCountry "SRB"]

1. d4 e6 2. c4 b6 3. Nc3 Bb7 4. e4 Bb4 5. f3 Ne7 6. Qb3 Nbc6 7. Be3 a5 8. a3 a4 9. Qc2 Bxc3+ 10. Qxc3 0-0 11. Bd3 f5 12. Ne2 fxe4 13. Bxe4 d5 14. Bc2 Qd7 15. 0-0 dxc4 16. Qxc4 Ba6 17. Qa2 Bxe2 18. Rfe1 Bb5 19. Rad1 Nd5 20. Bf2 Rae8 21. Re4 Nf6 22. Rh4 Na5 23. Bg3 Nc4 24. Qb1 g5 25. Rh6 Qg7 26. Rh3 Ne3 27. Re1 Nxc2 28. Qxc2 Re7 29. Be5 Qg6 30. Qd2 h6 31. Qb4 Qe8 32. Rxh6 Rh7 33. Rxf6 Rxf6 34. Bxf6 Bc6 35. Bxg5 Qg6 36. h4 Bxf3 37. gxf3 Rxh4 38. Qe7 1-0